Transforming Indian Economy : (Record no. 166404)

MARC details
000 -LEADER
fixed length control field 00732nam a22002057a 4500
005 - DATE AND TIME OF LATEST TRANSACTION
control field 20191106111722.0
010 ## - LCCN (DPL NO)
LC control number ENG-126048
020 ## - INTERNATIONAL STANDARD BOOK NUMBER
International Standard Book Number 978-93-86761-95-8
Terms of availability 999.00
035 ## - SYSTEM CONTROL NUMBER
System control number EN-109580
037 ## - SOURCE OF ACQUISITION
Source of stock number/acquisition DBAD/PUB
082 ## - DEWEY DECIMAL CLASSIFICATION NUMBER
Classification number 330.9
245 ## - TITLE STATEMENT
Title Transforming Indian Economy :
Remainder of title from vision to reality /
Statement of responsibility, etc ed.by Yamini Gupt [and] Ananya Ghosh Dastidar
260 ## - PUBLICATION, DISTRIBUTION, ETC. (IMPRINT)
Place of publication, distribution, etc New Delhi
Date of publication, distribution, etc 2019
Name of publisher, distributor, etc Ane Books
270 ## - ADDRESS
Address 4821 Parwana Bhawan 1st Floor, 24 Ansari Road, Darya Ganj
City Delhi
Postal code 110006
Telephone number 011-23276843
Electronic mail address kapoor@anebooks.com
300 ## - PHYSICAL DESCRIPTION
Extent 235p.
Dimensions 24(Hb)
500 ## - GENERAL NOTE
General note Includes bibliographical references and index
700 ## - ADDED ENTRY--PERSONAL NAME
Personal name Gupt, Yamini
700 ## - ADDED ENTRY--PERSONAL NAME
Personal name Dastidar, Ananya Ghosh
942 ## - ADDED ENTRY ELEMENTS (KOHA)
Source of classification or shelving scheme Dewey Decimal Classification
Item type English Books
Classification part 330.9
Call number suffix TRA
Holdings
Withdrawn status Lost status Not for loan Collection code Home library Current library Date acquired Source of acquisition Cost, normal purchase price Full call number Barcode Copy number Cost, replacement price Koha item type
      Non-fiction Sarojini Nagar Sarojini Nagar 06/11/2019 DBAD/PUB 999.00 330.9 TRA EN-109580 1 999.00 English Books

© Delhi Public Library
Hit Counter
free hit counter